000
00313nam a2200145Ia 4500
100
_a
Sherwood/ D.R.
650
_a
Carpentery
490
_v
I
942
_c
BK
654
_a
Piping guide
245
_a
Piping Guide
260
_b
Syentek bks Co.
_a
San Franciss
_c
1980
082
_a
621.8672she
546
_a
ENGLISH
999
_c
34028
_d
34028